Statistics for Countries by clues #2

Click here to take the quiz!

General Stats

  • This quiz has been taken 25 times
  • The average score is 8 of 10

Answer Stats

Clues:Answer% Correct
PyramidsEgypt
100%
Sounds like chillyChile
96%
Mt EverestNepal
96%
LagosNigeria
88%
Maple syrupCanada
88%
All blacksNew Zealand
88%
Ceylon teaSri Lanka
83%
Sounds like “sea gull”Senegal
75%
Yellow star flagVietnam
29%
Ring shaped islandTuvalu
21%

Score Distribution

Percentile by Number Answered

Percent of People with Each Score

Your Score History

You have not taken this quiz